000
00237nam a22000857a 4500
008
160705b xxu||||| |||| 00| 0 eng d
100
_9
2094
_a
Anand, M.R
245
_a
Some Street Games of India
260
_a
New Delhi
_b
National Book Trust
_c
1983
999
_c
1789
_d
1789